Statistiken für 50 größte Städte Europas

Klicken Sie hier um das Quiz zu spielen!

Allgemein

  • Dieses Quiz wurde 1.048 mal gespielt
  • Das Durchschnittsergebnis liegt bei 31 aus 50

Antwortstatistiken

EinwohnerzahlAntwort% Korrekt
53.669.491Berlin
98%
38.961.989London
97%
63.266.126Madrid
97%
112.480.481Moskau
97%
92.140.526Paris
97%
82.837.332Rom
96%
161.636.762Barcelona
94%
121.847.253Hamburg
94%
171.484.226München
94%
111.915.047Wien
93%
29.699.995Istanbul
91%
291.087.863Köln
91%
141.777.972Warschau
91%
191.396.059Mailand
89%
39872.680Amsterdam
88%
151.752.286Budapest
88%
45.398.064Sankt Petersburg
88%
35974.145Stockholm
88%
72.967.360Kiew
87%
201.324.277Prag
87%
131.828.018Bukarest
85%
47761.561Frankfurt am Main
83%
41863.310Marseille
82%
36962.589Neapel
78%
231.242.568Sofia
75%
43806.341Zagreb
73%
102.020.600Minsk
71%
241.233.796Belgrad
69%
40870.952Turin
67%
261.141.816Birmingham
64%
44794.288Valencia
57%
46771.069Krakau
51%
321.017.699Odessa
41%
181.443.207Charkiw
36%
38908.456Donezk
36%
45793.139Leeds
32%
331.008.998Wolgograd
30%
271.137.904Rostow am Don
27%
211.257.391Kasan
26%
49724.314Lemberg
24%
221.252.236Nischni Nowgorod
22%
281.128.787Ufa
19%
37932.629Krasnodar
18%
251.156.659Samara
18%
311.055.397Perm
17%
34990.724Dnipro
15%
301.058.261Woronesch
12%
42838.042Saratow
10%
48731.922Saporischschja
7%
50699.429Toljatti
7%

Verteilung der Resultate

Perzentil nach korrekt beantworteten Fragen

Anzahl Personen mit jedem Resultat

Ihre Resultats-Entwicklung

Sie haben dieses Quiz noch nicht gespielt